00882cam a2200229 a 45000010008000000030004000080050017000120080041000290100017000700400018000870500023001050820025001282450047001532600120002003000034003205620057003546500062004116500039004736500042005127100052005547100046006064937075OSt20140310182052.0950922s1995 nyua 000 0 eng  a 95206992  aDLCcDLCdDLC00aBV 4885b.K73 1995 aHS 230.992bK76 199500aKnowledge that leads to everlasting life / aBrooklyn, N.Y. :bWatchtower Bible and Tract Society of New York, International Bible Students Association,cc1995. a191 p. :bcol. ill. ;c17 cm. eFor circulation. 1 copy available in the collection. 0aChristian lifexJehovah's Witnesses authorsxMiscellanea. 0aChristian lifexBiblical teaching. 0aGodxKnowablenessxBiblical teaching.2 aWatchtower Bible and Tract Society of New York.2 aInternational Bible Students Association.